| 000 | 00770cam a22001457a 4500 | ||
|---|---|---|---|
| 008 | 180718b1979 xxu||||| |||| 00| 0 eng d | ||
| 082 | _aXA82403x5442 M278 | ||
| 100 | _aMaharashtra State Law Commission | ||
| 245 |
_aTwelfth report on the unification of rent restriction laws in the state, namely,-the Bombay, hotel and lodging house rates control act, 1947, the Hyderabad houses(rent, eviction and lease) control act, 1954 and the central provinces and bear regulation of letting of accommodation act, 1946 _cby Maharashtra State Law Commission |
||
| 260 |
_aBombay _bMaharashtra State Law Commission _c1979 |
||
| 300 | _aiii, 199p | ||
| 500 | _aChairman: Raja S. Bhonsale | ||
| 650 | _aRent - legislation - India - Maharashtra. | ||
| 700 | _aBhonsale, Raja S.(Chairman) | ||
| 999 |
_c414743 _d414743 |
||